El aguacate y su manejo integrado
Gardado en:
| Main Authors: | , |
|---|---|
| Formato: | Libro |
| Idioma: | Lingua castelá |
| Publicado: |
Ciudad de México
Mundi Prensa
2007
|
| Edición: | 2a. ed |
| Subjects: | |
| Tags: |
Engadir etiqueta
Sen Etiquetas, Sexa o primeiro en etiquetar este rexistro!
|
MARC
| LEADER | 00000nam a2200000 a 4500 | ||
|---|---|---|---|
| 001 | UCI5234 | ||
| 003 | CL-VaPUC | ||
| 008 | 080314e20070000MX |||||||||||||||||spa|d | ||
| 020 | |a 9789687462431 | ||
| 082 | 0 | 4 | |a 634.653 |b TEL |2 21 |
| 100 | 0 | |a Téliz, Daniel |e author |9 527430 | |
| 700 | 0 | |a Mora, Antonio |e author |9 527431 | |
| 245 | 1 | 3 | |a El aguacate y su manejo integrado |
| 250 | |a 2a. ed | ||
| 300 | |a 321 p | ||
| 942 | |c BK | ||
| 945 | |d 20080314 00:00:00 |a jtorresc | ||
| 260 | |a Ciudad de México |b Mundi Prensa |c 2007 | ||
| 500 | |a Contiene un Cd-rom | ||
| 650 | 0 | |a Cultivos |9 264356 | |
| 650 | 0 | |a Paltas (Aguacates) |9 264279 | |
| 650 | 0 | |a Persea americana |9 403599 | |
| 650 | 0 | |a Floración |9 264872 | |
| 650 | 0 | |a Riego |9 259685 | |
| 650 | 7 | |a MADURACION |2 CL-VaPUC |9 264873 | |
| 650 | 0 | |a Cosecha |9 259688 | |
| 650 | 7 | |a PLANTACION |2 CL-VaPUC |9 369124 | |
| 583 | |a last modification |c 20080314 00:00:00 |k Rodrigo Vera | ||
| 999 | |c 328997 |d 328995 | ||
| 952 | |0 0 |1 0 |4 0 |6 634_653000000000000_TEL_2007 |7 0 |8 A |9 413237 |a BIBAGR |b BIBAGR |d 2019-11-22 |i 4414969 |l 7 |o 634.653 TEL 2007 |p 4414969 |r 2025-01-20 |s 2024-10-25 |w 2019-11-22 |y BK |k AGR | ||